<?xml version="1.0" encoding="UTF-8"?>
<record
    xmlns:xsi="http://www.w3.org/2001/XMLSchema-instance"
    xsi:schemaLocation="http://www.loc.gov/MARC21/slim http://www.loc.gov/standards/marcxml/schema/MARC21slim.xsd"
    xmlns="http://www.loc.gov/MARC21/slim">

  <leader>00491nam a22001697a 4500</leader>
  <controlfield tag="003">0</controlfield>
  <controlfield tag="005">20250219153216.0</controlfield>
  <controlfield tag="008">250219b        xxu||||| |||| 00| 0 eng d</controlfield>
  <datafield tag="050" ind1=" " ind2=" ">
    <subfield code="a">HG 179 </subfield>
    <subfield code="b">.T167 2017</subfield>
  </datafield>
  <datafield tag="100" ind1=" " ind2=" ">
    <subfield code="a">Tan, Chinkee</subfield>
  </datafield>
  <datafield tag="245" ind1=" " ind2=" ">
    <subfield code="a">Diary of a pulubi:</subfield>
    <subfield code="b">22 money lessons on how to avoid going broke</subfield>
    <subfield code="c">Chinkee Tan</subfield>
  </datafield>
  <datafield tag="260" ind1=" " ind2=" ">
    <subfield code="a">Mandaluyong City</subfield>
    <subfield code="b">CSM Publishing</subfield>
    <subfield code="c">2017</subfield>
  </datafield>
  <datafield tag="300" ind1=" " ind2=" ">
    <subfield code="a">122 pages ;</subfield>
    <subfield code="c">18cm. </subfield>
  </datafield>
  <datafield tag="650" ind1=" " ind2=" ">
    <subfield code="a">Financial.</subfield>
  </datafield>
  <datafield tag="650" ind1=" " ind2=" ">
    <subfield code="a">Personal investment.</subfield>
  </datafield>
  <datafield tag="942" ind1=" " ind2=" ">
    <subfield code="2">lcc</subfield>
    <subfield code="c">BK</subfield>
  </datafield>
  <datafield tag="999" ind1=" " ind2=" ">
    <subfield code="c">367248</subfield>
    <subfield code="d">367248</subfield>
  </datafield>
  <datafield tag="952" ind1=" " ind2=" ">
    <subfield code="0">0</subfield>
    <subfield code="1">0</subfield>
    <subfield code="2">lcc</subfield>
    <subfield code="4">0</subfield>
    <subfield code="a">CL</subfield>
    <subfield code="b">CL</subfield>
    <subfield code="c">FIL</subfield>
    <subfield code="d">2025-02-19</subfield>
    <subfield code="e">DONATION</subfield>
    <subfield code="k">FIL</subfield>
    <subfield code="l">0</subfield>
    <subfield code="o">HG 179  .T167 2017</subfield>
    <subfield code="p">C24235</subfield>
    <subfield code="r">2025-02-19 00:00:00</subfield>
    <subfield code="w">2025-02-19</subfield>
    <subfield code="y">BK</subfield>
  </datafield>
</record>
